| 000 | 00650nam a2200205 i 4500 | ||
|---|---|---|---|
| 001 | 71915 | ||
| 003 | ES-MaACL | ||
| 005 | 20230906171254.0 | ||
| 007 | t| | ||
| 008 | 040820s1970 sp ||||1| spa d | ||
| 100 | 1 |
_aGigon, Olof. _956711 |
|
| 245 | 1 | 3 |
_aLa cultura antigua y el cristianismo / _cOlof Gigon ; [versión española de Manuel Carrión Gútiez]. |
| 260 |
_aMadrid : _bGredos, _c[1970] |
||
| 300 |
_a258 p. ; _c19 cm. |
||
| 490 | 1 | _aBiblioteca universitaria Gredos | |
| 700 | 1 |
_aCarrión Gútiez, Manuel. _935810 |
|
| 830 | 0 |
_aBiblioteca universitaria Gredos _9186425 |
|
| 852 |
_aES-MaACL _jC-40538 _bR.74029 |
||
| 999 |
_c71915 _d71915 |
||